| 000 | 00432 a2200145 4500 | ||
|---|---|---|---|
| 020 | _a0006168914 | ||
| 040 |
_aDLC _bDLC |
||
| 082 | _a823.912 | ||
| 100 | _aChristie, Agatha. | ||
| 245 |
_aA pocket full of rye _cChristie, Agatha |
||
| 260 |
_aLondon: _bCollins, _c1953. |
||
| 300 |
_a 219 p. _c19 cm. |
||
| 650 | _a 1.Marple, Jane (Fictitious character) --Fiction.2.Women detectives --England --Fiction. | ||
| 942 |
_cBK _k823.912 CHR _2ddc |
||
| 999 |
_c4952 _d4952 |
||